00959nam a2200289Ia 450000100060000000300100000600500170001600700030003300800410003602000180007704000350009504100080013008200180013810000240015624500780018025000220025826400430028030000450032333600270036833700330039533800280042849000380045650000600049460000610055465000280061565000260064357244CO-BoRNBP20250606160131.0ta180109s9999 xx 000 0 und d a9786078303083 aCO-BoRNBPbspaerdacCO-BoRNBP aspa0 a927.5943 J67r1 aJordá, María J.10aDescubriendo el mágico mundo de Renoir /ctextos de María J. Jordá. aPrimera edición 1a"México :bOcéano Travesía;2013" a"34 páginas :bilustraciones ;c30 cm" atextobtxt2rdacontent asin mediaciónbn2rdamedia avolumenbnc2rdacarrier0 aDescubriendo el mágico mundo de aIncluye glosario y guía pedagógica para el educador14aRenoir, Pierre-Auguste, 1841-1919, Trabajos Pictóricos00aPintores alemanes2LEMB00aPintura alemana2LEMB